000 01023cam a22003257a 4500
003 CHAP
005 20220329142346.0
008 000921d1988 mx a r 00110 esp d
010 _a82318
011 _a83290
020 _a9684514417
035 _a93801
040 _cCHAP
082 0 4 _a526.9
_bA53Y
100 0 0 _aAnderson, James M.
_95588
245 1 0 _aIntroducción a la topografía
_c/por James M. Anderson y Edward M. Mikhail
260 _aMéxico, D.F. :
_bMcGraw-Hill
_cc.1988.
300 _a753 p. :
_bilus.
590 _aBATCH-UPD
_b10
_c20130110
_lUCH01
_h0616
590 _aBATCH-UPD
_b10
_c20130410
_lUCH01
_h0258
590 _aBATCH-UPD
_b10
_c20130914
_lUCH01
_h1723
590 _aCONVERSION
_b10
_c20130109
_lUCH01
_h1346
650 1 4 _aLevantamiento topográfico.
_966426
650 1 4 _aTopografía.
_9113907
700 0 _aMikhail, Edward M.
_975691
901 _aBK
905 _aPatricia Mendoza P.
942 _cLIBRO
949 _a526.9 A53Y
_bBC
_cLIBRO
_d33724000900601
_eLIBRO
_h98686
_i93801
_kDonaciØn
_si
999 _c82318
_d82318